000
00350nam a2200145Ia 4500
008
231217s9999 xx 000 0 und d
041
_a
English
082
_a
001.6424WIN MEH
100
_a
Mehta, Subhash
245
0
_a
Windows 3.1: A complete tutorial
260
_c
1994
_b
Galgotia
300
_a
li+588-5
650
_a
Windows 3.1
942
_c
AA
999
_c
163921
_d
163921